Banícke slovo podnikový časopis zamestnancov národných podnikov Železorudné bane

Bibliographic Details
Previous Title:Rudňanské šachty mieru
Hlas 9. šachiet
Banícke slovo (Rožňava)
Format: Journal
Language:Slovak
PhysicalDescription:39 zv. 32-43 cm
Published: Spišská Nová Ves Železorudné bane 1960-2002
Subjects:

MARC

LEADER 00000cas a2200000 a 4500
001 vtls010299650
003 SK-MaSNL
005 20260228162729.0
008 110810c19602002xo wr|p 0 b0slo
040 |a SNK  |b slo  |c SNK  |e AACR2 
041 0 |a slo 
043 |a e-xo--- 
044 |a xo  |c SK 
072 7 |a 622  |x Baníctvo  |2 konspekt 
080 |a 050  |2 2001 
080 |a 622  |2 2001 
245 0 0 |a Banícke slovo  |b podnikový časopis zamestnancov národných podnikov Železorudné bane 
260 |a Spišská Nová Ves  |b Železorudné bane  |c 1960-2002 
300 |a 39 zv.  |c 32-43 cm 
310 |a 2x mesačne  |b 1996-[2002] 
321 |a 2x mesačne  |b 1/1960-1/1961 
321 |a 3x mesačne  |b 2/1961-10/1963 
321 |a 2x mesačne  |b 11/1963-4/1965 
321 |a 1x týždenne  |b 5/1965-1995 
362 0 |a Roč. I, č. 1 (15.1.1960)-[2002] 
500 |a Redaktori sa menia 
500 |a Vyd. Železorudné bane, n. p., podnikové riaditeľstvo, ZO KSS, ZV odborových zväzov a ZO ČSM v Spiš. Novej Vsi; od č. 1/1961 ZO KSS, ZV ROH, ZO ČSM a podnikové riaditeľstvo, n.p. Železorudné bane; od č. 16/(1967) Železorudné bane 
500 |a Tlač. Východoslovenské tlačiarne, n. p., prev. v Spiš. Novej Vsi, od č. 1/(1961) Východoslovenské tlačiarne, Košice, od č. 5/(1961) Východoslovenské tlačiarne, Spišská Nová Ves, čís. 18/(1961) Košice, od 19/II (1961) Spišská Nová Ves, čís. 4/(1962) Košice, od č. 5/(1962) Spišská Nová Ves, od č. 22/(1962) Poprad, od č. 24/(1962) Spišská Nová Ves, od č. 16/(1964) Prešov, od č. 18/(1964) Spišská Nová Ves, odč. 5/(1965) Košice 
500 |a Podnázov sa mení 
500 |a Vychádza po zlúčení čas. Rudňanské šachty mieru, Hlas 9. šachiet (Železník) a Banícke slovo (Rožňava) 
500 |a V roku 1993, č. 9 je zmena formátu 
500 |a Registračné č. VKP 1 
515 |a Od č. 41/(1968) chybne uvádzaný ročník XI 
650 0 7 |a baníctvo  |2 SNKPH  |9 3571 
655 7 |a podnikové časopisy  |2 SNKPH  |9 265225 
780 0 4 |t Rudňanské šachty mieru  |w vtls010302139 
780 0 4 |t Hlas 9. šachiet  |w vtls010301270 
780 0 4 |t Banícke slovo (Rožňava)  |w vtls010301001 
910 |a snk 
910 |a svkpo 
916 |a 1960-1998 
999 |c 8271  |d 10201 
952 |0 0  |1 0  |4 0  |7 0  |a SNK  |b SNK  |d 2015-07-22  |f 1  |i snkČSP 1593/61  |l 0  |o snkČSA 590/1/1960  |p 17A0786033  |r 2026-02-21 19:45:36  |t č. 1-24  |w 2026-02-21  |y PREZ 
952 |0 0  |1 0  |4 0  |7 0  |a SNK  |b SNK  |d 2015-07-22  |f 1  |i snkČSP 350/62  |l 0  |o snkČSA 590/2/1961  |p 17A0786030  |r 2026-02-21 19:45:36  |t č. 1-36  |w 2026-02-21  |y PREZ 
952 |0 0  |1 0  |4 0  |7 0  |a SNK  |b SNK  |d 2015-07-22  |f 1  |i snkČSP 528/63  |l 0  |o snkČSA 590/3/1962  |p 17A0786034  |r 2026-02-21 19:45:36  |t č. 1-30+9a  |w 2026-02-21  |y PREZ  |z chýba č. 8 a je č. 9a 
952 |0 0  |1 0  |4 0  |7 0  |a SNK  |b SNK  |d 2015-07-22  |f 1  |i snkČSP 453/64  |l 0  |o snkČSA 590/4/1963  |p 17A0786031  |r 2026-02-21 19:45:36  |t č. 1-28  |w 2026-02-21  |y PREZ 
952 |0 0  |1 0  |4 0  |7 0  |a SNK  |b SNK  |d 2015-07-22  |f 1  |i snkČSP 541/65  |l 0  |o snkČSA 590/5/1964  |p 17A0786012  |r 2026-02-21 19:45:36  |t č. 1-25  |w 2026-02-21  |y PREZ 
952 |0 0  |1 0  |4 0  |7 0  |a SNK  |b SNK  |d 2015-07-22  |f 1  |i snkČSP 750/67  |l 0  |o snkČSA 590/6/1965  |p 17A0786009  |r 2026-02-21 19:45:36  |t č. 1-45  |w 2026-02-21  |y PREZ 
952 |0 0  |1 0  |4 0  |7 0  |a SNK  |b SNK  |d 2015-07-22  |f 1  |i snkČSP 751/67  |l 0  |o snkČSA 590/7/1966  |p 17A0786024  |r 2026-02-21 19:45:36  |t č. 1-50  |w 2026-02-21  |y PREZ 
952 |0 0  |1 0  |4 0  |7 0  |a SNK  |b SNK  |d 2015-07-22  |f 1  |i snkČSP 285/68  |l 0  |o snkČSA 590/8/1967  |p 17A0786026  |r 2026-02-21 19:45:37  |t č. 1-52  |w 2026-02-21  |y PREZ 
952 |0 0  |1 0  |4 0  |7 0  |a SNK  |b SNK  |d 2015-07-22  |f 1  |i snkČSP 868/69  |l 0  |o snkČSA 590/9/1968  |p 17A0786027  |r 2026-02-21 19:45:37  |t č. 1-51 + 7 mim.č.  |w 2026-02-21  |y PREZ 
952 |0 0  |1 0  |4 0  |7 0  |a SNK  |b SNK  |d 2015-07-22  |f 1  |i snkČSP 36/70  |l 0  |o snkČSA 590/10/1969  |p 17A0786021  |r 2026-02-21 19:45:37  |t č. 1-52  |w 2026-02-21  |y PREZ 
952 |0 0  |1 0  |4 0  |7 0  |a SNK  |b SNK  |d 2015-07-22  |f 1  |i snkČSP 43/71  |l 0  |o snkČSA 590/11/1970  |p 17A0786022  |r 2026-02-21 19:45:37  |t č. 1-51  |w 2026-02-21  |y PREZ 
952 |0 0  |1 0  |4 0  |7 0  |a SNK  |b SNK  |d 2015-07-22  |f 1  |i snkČSP 60/72  |l 0  |o snkČSA 590/12/1971  |p 17A1145899  |r 2026-02-21 19:45:37  |t č. 1-52  |w 2026-02-21  |y PREZ 
952 |0 0  |1 0  |4 0  |7 0  |a SNK  |b SNK  |d 2015-07-22  |f 1  |i snkČSP 295/73  |l 0  |o snkČSA 590/13/1972  |p 17A0786029  |r 2026-02-21 19:45:37  |t č. 1-52  |w 2026-02-21  |y PREZ 
952 |0 0  |1 0  |4 0  |7 0  |a SNK  |b SNK  |d 2015-07-22  |f 1  |i snkČSP 658/74  |l 0  |o snkČSA 590/14/1973  |p 17A0786016  |r 2026-02-21 19:45:37  |t č. 1-52  |w 2026-02-21  |y PREZ  |z č. 36 je vynechané 
952 |0 0  |1 0  |4 0  |7 0  |a SNK  |b SNK  |d 2015-07-22  |f 1  |i snkČSP 92/75  |l 0  |o snkČSA 590/15/1974  |p 17A0786017  |r 2026-02-21 19:45:37  |t č. 1-52  |w 2026-02-21  |y PREZ 
952 |0 0  |1 0  |4 0  |7 0  |a SNK  |b SNK  |d 2015-07-22  |f 1  |i snkČSP 306/76  |l 0  |o snkČSA 590/16/1975  |p 17A0786018  |r 2026-02-21 19:45:37  |t č. 1-52  |w 2026-02-21  |y PREZ 
952 |0 0  |1 0  |4 0  |7 0  |a SNK  |b SNK  |d 2015-07-22  |f 1  |i snkČSP 373/77  |l 0  |o snkČSA 590/17/1976  |p 17A0786025  |r 2026-02-21 19:45:47  |t č. 1-51  |w 2026-02-21  |y PREZ 
952 |0 0  |1 0  |4 0  |7 0  |a SNK  |b SNK  |d 2015-07-22  |f 1  |i snkČSP 484/77  |l 0  |o snkČSA 590/18/1977  |p 17A0786019  |r 2026-02-21 19:45:47  |t č. 1-51  |w 2026-02-21  |y PREZ 
952 |0 0  |1 0  |4 0  |7 0  |a SNK  |b SNK  |d 2015-07-22  |f 1  |i snkČSP 100/78  |l 0  |o snkČSA 590/19/1978  |p 17A0786014  |r 2026-02-21 19:45:47  |t č. 1-52  |w 2026-02-21  |y PREZ 
952 |0 0  |1 0  |4 0  |7 0  |a SNK  |b SNK  |d 2015-07-22  |f 1  |i snkČSP 492/80  |l 0  |o snkČSA 590/20/1979  |p 17A0786015  |r 2026-02-21 19:45:47  |t č. 1-51  |w 2026-02-21  |y PREZ 
952 |0 0  |1 0  |4 0  |7 0  |a SNK  |b SNK  |d 2015-07-22  |f 1  |i snkČSP 19/82  |l 0  |o snkČSA 590/22/1981  |p 17A0777817  |r 2026-02-21 19:45:47  |t č. 1-51  |w 2026-02-21  |y PREZ 
952 |0 0  |1 0  |4 0  |7 0  |a SNK  |b SNK  |d 2015-07-22  |f 1  |i snkČSP 487/83  |l 0  |o snkČSA 590/23/1983  |p 17A0778282  |r 2026-02-21 19:45:47  |t č. 1-51  |w 2026-02-21  |y PREZ 
952 |0 0  |1 0  |4 0  |7 0  |a SNK  |b SNK  |d 2015-07-22  |f 1  |i snkČSP 137/85  |l 0  |o snkČSA 590/24[25]/1983  |p 17A0778206  |r 2026-02-21 19:45:47  |t č. 1-51  |w 2026-02-21  |y PREZ  |z chybný ročník XXIV. 
952 |0 0  |1 0  |4 0  |7 0  |a SNK  |b SNK  |d 2015-07-22  |f 1  |i snkČSP 973/87  |l 0  |o snkČSA 590/27/1986  |p 17A0777809  |r 2026-02-21 19:45:47  |t č. 1-50  |w 2026-02-21  |y PREZ 
952 |0 0  |1 0  |4 0  |7 0  |a SNK  |b SNK  |d 2015-07-22  |f 1  |i snkČSP 925/88  |l 0  |o snkČSA 590/28/1987  |p 17A0777808  |r 2026-02-21 19:45:48  |t č. 1-52  |w 2026-02-21  |y PREZ 
952 |0 0  |1 0  |4 0  |7 0  |a SNK  |b SNK  |d 2015-07-22  |f 1  |i snkČSP 479/89  |l 0  |o snkČSA 590/29/1988  |p 17A0777810  |r 2026-02-21 19:45:48  |t č. 1-52  |w 2026-02-21  |y PREZ 
952 |0 0  |1 0  |4 0  |7 0  |a SNK  |b SNK  |d 2015-07-22  |f 1  |i snkČSP 827/90  |l 0  |o snkČSA 590/30/1989  |p 17A0777871  |r 2026-02-21 19:45:48  |t č. 1-51  |w 2026-02-21  |y PREZ 
952 |0 0  |1 0  |4 0  |7 0  |a SNK  |b SNK  |d 2015-07-22  |f 1  |i snkČSP 2795/91  |l 0  |o snkČSA 590/31/1990  |p 17A0777811  |r 2026-02-21 19:45:48  |t č. 1-52  |w 2026-02-21  |y PREZ 
952 |0 0  |1 0  |4 0  |7 0  |a SNK  |b SNK  |d 2015-07-22  |f 1  |i snkČSP 4141/92  |l 0  |o snkČSA 590/32/1991  |p 17A0768711  |r 2026-02-21 19:45:48  |t č. 1-51  |w 2026-02-21  |y PREZ 
952 |0 0  |1 0  |4 0  |7 0  |a SNK  |b SNK  |d 2015-07-22  |f 1  |i snkČSP 2153/94  |l 0  |o snkČSA 590/34/1993  |p 17A0768720  |r 2026-02-21 19:45:48  |t č. 1-48  |w 2026-02-21  |y PREZ 
952 |0 0  |1 0  |4 0  |7 0  |a SNK  |b SNK  |d 2015-07-22  |f 1  |i snkČSP 2121/99  |l 0  |o snkČSA 590/36/1995  |p 17A0759358  |r 2026-02-21 19:45:48  |t č. 1-47  |w 2026-02-21  |y PREZ 
952 |0 0  |1 0  |4 0  |7 0  |a SNK  |b SNK  |d 2015-07-22  |f 1  |i snkČSP 2123/99  |l 0  |o snkČSA 590/37/1996  |p 17A0759359  |r 2026-02-21 19:45:48  |t č. 1-25  |w 2026-02-21  |y PREZ 
952 |0 0  |1 0  |4 0  |7 0  |a SNK  |b SNK  |d 2015-07-22  |f 1  |i snkČSP 2125/99  |l 0  |o snkČSA 590/39/1998   |p 17A0759360  |r 2026-02-21 19:45:48  |t č. 1-24  |w 2026-02-21  |y PREZ 
952 |0 0  |1 0  |4 0  |7 0  |a SNK  |b SNK  |d 2003-07-03  |f 1  |i snkČSP 84/84  |l 0  |o snkČSA 590/24/1983  |p 17A0386934  |r 2005-01-02 00:00:00  |t č. 1-51  |w 2026-02-21  |y PREZ  |z č. 1-51 
952 |0 0  |1 0  |4 0  |7 0  |a SNK  |b SNK  |d 2012-03-22  |i snkČSP 752/67  |l 0  |o snkČSA 590/7/1966 D1  |p 17A7633574  |r 2026-02-21 20:23:10  |t č. 1-50  |w 2026-02-21  |y PREZ 
952 |0 0  |1 0  |4 0  |7 0  |a SNK  |b SNK  |d 2012-03-22  |i snkČSP 286/68  |l 0  |o snkČSA 590/8/1967 D1  |p 17A7633573  |r 2026-02-21 20:23:10  |t č. 1-52  |w 2026-02-21  |y PREZ 
952 |0 0  |1 0  |4 0  |7 0  |a SNK  |b SNK  |d 2012-03-22  |i snkČSP 369/69  |l 0  |o snkČSA 590/9/1968 D1  |p 17A0887722  |r 2026-02-21 20:23:10  |t č. 1-51  |w 2026-02-21  |y PREZ 
952 |0 0  |1 0  |4 0  |7 0  |a SNK  |b SNK  |d 2012-03-22  |i snkČSP 37/70  |l 0  |o snkČSA 590/10/1969 D1  |p 17A7633572  |r 2026-02-21 20:23:11  |t č. 1-52  |w 2026-02-21  |y PREZ 
952 |0 0  |1 0  |4 0  |7 0  |a SNK  |b SNK  |d 2012-03-22  |i snkČSP 99/71  |l 0  |o snkČSA 590/11/1970 D1  |p 17A7633577  |r 2026-02-21 20:23:11  |t č. 1-51  |w 2026-02-21  |y PREZ 
952 |0 0  |1 0  |4 0  |7 0  |a SNK  |b SNK  |d 2012-03-22  |i snkČSP 307/76  |l 0  |o snkČSA 590/16/1975 D1  |p 17A7633575  |r 2026-02-21 20:23:12  |t č. 1-52  |w 2026-02-21  |y PREZ 
952 |0 0  |1 0  |4 0  |7 0  |a SNK  |b SNK  |d 2012-03-22  |i snkČSP 101/78  |l 0  |o snkČSA 590/19/1978 D1  |p 17A0887686  |r 2026-02-21 20:23:12  |t č. 1-52  |w 2026-02-21  |y PREZ 
952 |0 0  |1 0  |4 0  |7 0  |a SNK  |b SNK  |d 2012-03-22  |i snkČSP 493/80  |l 0  |o snkČSA 590/20/1979 D1  |p 17A0887685  |r 2026-02-21 20:23:12  |t č. 1-51  |w 2026-02-21  |y PREZ 
952 |0 0  |1 0  |4 0  |7 0  |a SNK  |b SNK  |d 2012-03-22  |i snkČSP 974/87  |l 0  |o snkČSA 590/27/1986 D1  |p 17A7633576  |r 2026-02-21 20:23:12  |t č. 1-50  |w 2026-02-21  |y PREZ 
952 |0 0  |1 0  |4 0  |7 0  |a SNK  |b SNK  |d 2012-03-22  |i snkČSP 926/88  |l 0  |o snkČSA 590/23/1987 D1  |p 17A0887755  |r 2026-02-21 20:23:12  |t č. 1-52  |w 2026-02-21  |y PREZ 
952 |0 0  |1 0  |4 0  |7 0  |a SNK  |b SNK  |d 2012-03-22  |i snkČSP 330/93  |l 0  |o snkČSA 590/33/1992 D1  |p 17A0887739  |r 2026-02-21 20:23:12  |t č. 1-49  |w 2026-02-21  |y PREZ 
952 |0 0  |1 0  |4 0  |7 0  |a SNK  |b SNK  |d 2012-03-22  |i snkČSP 2154/94  |l 0  |o snkČSA 590/34/1993 D1  |p 17A7633583  |r 2026-02-21 20:23:12  |t č. 1-48  |w 2026-02-21  |y PREZ 
952 |0 0  |1 0  |3 menší formát časopisu A4  |4 0  |7 0  |a SNK  |b SNK  |d 2012-03-22  |i snkČSP 2134/99  |l 0  |o snkČSA 590/35/1994 D1  |p 17A0887754  |r 2026-02-21 20:23:12  |t č. 1-48  |w 2026-02-21  |y PREZ 
952 |0 0  |1 0  |4 0  |7 0  |a SNK  |b SNK  |d 2001-07-10  |f 1  |i snkČSP 2133/99  |l 0  |o snkČSA 590/35/1994  |p 17A0306219  |r 2005-01-02 00:00:00  |t č. 1-48  |w 2026-02-21  |y PREZ 
952 |0 0  |1 0  |4 0  |7 0  |a SNK  |b SNK  |d 2003-02-06  |l 0  |o snkČSA 590/36/1995 D1  |p 17A0373031  |r 2005-01-02 00:00:00  |w 2026-02-21  |y PREZ 
952 |0 0  |1 0  |4 0  |7 0  |a SNK  |b SNK  |d 2003-12-05  |i snkČSP 2126/99  |l 0  |o snkČSA 590/39/1998 D1  |p 17A0397790  |r 2005-01-02 00:00:00  |w 2026-02-21  |y PREZ 
952 |0 0  |1 0  |4 0  |7 0  |a SNK  |b SNK  |d 2003-12-05  |i snkČSP 291/2000  |l 0  |o snkČSA 590/38/1997 D1  |p 17A0406193  |r 2005-01-02 00:00:00  |w 2026-02-21  |y PREZ 
952 |0 0  |1 0  |4 0  |7 0  |a SNK  |b SNK  |d 2001-07-10  |f 1  |i snkČSP 2329/93  |l 0  |o snkČSA 590/33/1992  |p 17A0306171  |r 2005-01-02 00:00:00  |t č. 1-49  |w 2026-02-21  |y PREZ 
952 |0 0  |1 0  |4 0  |7 0  |a SNK  |b SNK  |d 1998-06-10  |l 0  |o snkČSA 590/32/1991 D1  |p 17A0143041  |r 2005-01-02 00:00:00  |w 2026-02-21  |y PREZ 
952 |0 0  |1 0  |4 0  |7 0  |a SNK  |b SNK  |d 2003-12-04  |f 1  |i snkČSP 290/98  |l 0  |o snkČSA 590/38/1997  |p 17A0406020  |r 2005-01-02 00:00:00  |t č. 1-24  |w 2026-02-21  |y PREZ 
952 |0 0  |1 0  |4 0  |7 0  |a SNK  |b SNK  |d 1999-06-03  |l 0  |o snkČSA 590/15/1974 D1  |p 17A0195225  |r 2005-01-02 00:00:00  |w 2026-02-21  |y PREZ 
952 |0 0  |1 0  |4 0  |7 0  |a SNK  |b SNK  |d 2003-07-03  |f 1  |i snkČSP 154/89  |l 0  |o snkČSA 590/21/1980  |p 17A0388522  |r 2005-01-02 00:00:00  |t č. 1-52  |w 2026-02-21  |y PREZ  |z č. 1-52 
952 |0 0  |1 0  |4 0  |7 0  |a SNK  |b SNK  |d 2003-07-03  |f 1  |i snkČSP 945/86  |l 0  |o snkČSA 590/26/1985  |p 17A0388403  |r 2005-01-02 00:00:00  |t č. 1-51  |w 2026-02-21  |y PREZ  |z č. 1-51